000 00741nam a2200145 i 4500
001 152671
003 ES-MaACL
005 20230906204834.0
008 931025s1879 sp |||| | spa d
100 1 _aBravo y Tudela, Antonio.
_931513
245 1 0 _aOrganizacion judicial y procedimiento vigente en materia criminal
_b: compilación general formada en virtud de la autorizacion concedida por la ley de 30 de Diciembre de 1878 y aprobada por Real Decreto de 16 de octubre de 1879 /
_ccon notas, motivos, aclaraciones y comentarios ... por Antonio Bravo y Tudela.
260 _aMadrid :
_bLibrería de Leon P. Villaverde,
_c1879 (
_fImp. de J. Cruzado)
300 _aXV, 448 p. ;
_c23 cm.
852 _aES-MaACL
_jG-3647
_z-- Enc. pasta española
999 _c152671
_d152671